Tile Select - Project SEKAI Characters by Group - Statistics

General Stats
  • This quiz has been taken 13 times
  • The average score is 97 of 100
Answer Stats
Question Tile Select % Correct
Leo/need No
100%
Leo/need No
100%
Leo/need No
100%
Leo/need No
100%
Leo/need No
100%
Leo/need No
100%
Leo/need No
100%
Leo/need No
100%
Leo/need No
100%
Leo/need No
100%
MORE MORE JUMP! No
100%
MORE MORE JUMP! No
100%
MORE MORE JUMP! No
100%
MORE MORE JUMP! No
100%
MORE MORE JUMP! Yes
100%
MORE MORE JUMP! No
100%
MORE MORE JUMP! No
100%
MORE MORE JUMP! No
100%
MORE MORE JUMP! No
100%
MORE MORE JUMP! No
100%
MORE MORE JUMP! No
100%
MORE MORE JUMP! No
100%
MORE MORE JUMP! No
100%
MORE MORE JUMP! No
100%
Vivid BAD SQUAD No
100%
Vivid BAD SQUAD No
100%
Vivid BAD SQUAD No
100%
Vivid BAD SQUAD No
100%
Vivid BAD SQUAD No
100%
Vivid BAD SQUAD No
100%
Vivid BAD SQUAD No
100%
Vivid BAD SQUAD Yes
100%
Vivid BAD SQUAD No
100%
Vivid BAD SQUAD Yes
100%
Vivid BAD SQUAD No
100%
Vivid BAD SQUAD No
100%
Vivid BAD SQUAD No
100%
Vivid BAD SQUAD No
100%
Vivid BAD SQUAD No
100%
Vivid BAD SQUAD Yes
100%
Vivid BAD SQUAD No
100%
Vivid BAD SQUAD No
100%
Wonderlands×Showtime No
100%
Wonderlands×Showtime No
100%
Wonderlands×Showtime No
100%
Wonderlands×Showtime No
100%
Wonderlands×Showtime No
100%
Wonderlands×Showtime No
100%
Wonderlands×Showtime No
100%
Wonderlands×Showtime No
100%
Wonderlands×Showtime No
100%
Wonderlands×Showtime No
100%
Wonderlands×Showtime No
100%
Wonderlands×Showtime No
100%
Wonderlands×Showtime No
100%
Wonderlands×Showtime Yes
100%
Nightcord at 25:00 No
100%
Nightcord at 25:00 No
100%
Nightcord at 25:00 No
100%
Nightcord at 25:00 No
100%
Nightcord at 25:00 No
100%
Nightcord at 25:00 No
100%
Nightcord at 25:00 No
100%
Nightcord at 25:00 No
100%
Nightcord at 25:00 No
100%
Nightcord at 25:00 No
100%
Nightcord at 25:00 Yes
100%
Nightcord at 25:00 No
100%
Nightcord at 25:00 No
100%
Nightcord at 25:00 No
100%
Leo/need Yes
92%
Leo/need No
92%
Leo/need No
92%
Leo/need No
92%
Leo/need No
92%
Leo/need No
92%
MORE MORE JUMP! Yes
92%
MORE MORE JUMP! No
92%
MORE MORE JUMP! No
92%
MORE MORE JUMP! Yes
92%
MORE MORE JUMP! Yes
92%
MORE MORE JUMP! No
92%
Vivid BAD SQUAD No
92%
Vivid BAD SQUAD Yes
92%
Wonderlands×Showtime No
92%
Wonderlands×Showtime Yes
92%
Wonderlands×Showtime Yes
92%
Wonderlands×Showtime No
92%
Wonderlands×Showtime No
92%
Wonderlands×Showtime Yes
92%
Nightcord at 25:00 Yes
92%
Nightcord at 25:00 No
92%
Nightcord at 25:00 Yes
92%
Nightcord at 25:00 No
92%
Nightcord at 25:00 Yes
92%
Nightcord at 25:00 No
92%
Leo/need No
85%
Leo/need Yes
85%
Leo/need Yes
85%
Leo/need Yes
85%
No matching quizzes found
Score Distribution
Percent of People with Each Score
Percentile by Number Answered
Your Score History
You have not taken this quiz